000 00638nam a2200181 i 4500
001 77077
003 ES-MaACL
005 20230906173059.0
007 t|
008 041006s1932 sp ||||1| spa d
100 1 _aGutiérrez Alfaro, Antonio.
_961084
245 1 0 _aNuestro idioma en la Argentina /
_cconferencia pronunciada por Antonio Gutiérez Alfaro.
260 _aJerez de la Frontera :
_b[s.n.],
_c1932 (
_fTip. de M. Martín)
300 _a32 p. ;
_c32 cm.
500 _aPrecede al tít.: Ateneo Jerezano.
710 2 _aAteneo Científico, Literario y Artístico de Jerez de la Frontera.
_9134155
852 _aES-MaACL
_j1758-F-19
999 _c77077
_d77077